| 000 | 00987nam0a22002651 4500 | ||
|---|---|---|---|
| 001 | rc\2194428 | ||
| 005 | 20110829164429.6 | ||
| 035 | _a(NLR Aleph) 006613518 | ||
| 090 |
_a7374188 _c7374188 |
||
| 100 | _a20110829d1978 |||y0rusy50 ca | ||
| 101 | 0 | _arus | |
| 102 | _aRU | ||
| 105 | _aa z ||||| | ||
| 200 | 1 |
_aМетодические рекомендации по спортивной гимнастике _fКом. по физ. культуре и спорту при Совете Министров УССР, Респ. науч.-метод. каб. по физ. культуре и спорту _g[Подгот. Апокина Н.П.] |
|
| 210 |
_aКиев _cБ. и. _d1978 |
||
| 215 |
_a115 с. _cил. _d20 |
||
| 320 | _aБиблиогр.: с. 103-113 | ||
| 333 | _aДСП. Экз. № 5 | ||
| 702 | 1 |
_aАпокина _bН. П. _4220 |
|
| 801 | 0 |
_aRU _bNLR _gpsbo |
|
| 801 | 1 |
_aRU _bELAR _2rusmarc |
|
| 852 |
_aNLR _j79-50К/68 |
||
| 899 |
_aRuMoRGB _jСХ |
||
| 942 | _cBOOK | ||
| 980 | _aNB | ||